Artists by Album Abbreviations - Statistics

General Stats
  • This quiz has been taken 22 times
  • The average score is 9 of 36
Answer Stats
Hint Answer % Correct
OD, S80, GKMC, TPAB, UU, D, MMATBS Kendrick Lamar
70%
TCD, LR, G, 8AH, MBDTF, WTT, Y, TLOP, Y, KSG, JIK, D, V Kanye West
65%
PPM, WTB, AHDN, BFS, H, RS, R, SPLHCB, MMT, TWA, YS, AR, LIB The Beatles
60%
I, SSLP, MMLP, TES, E, R, R, MMLP2, R, K, MMTBM Eminem
55%
TPATGOD, ASOS, M, U, AHM, M, OBC, TDSOTM, WYWH, A, TW, TFC, AMLOR, TDB, TER Pink Floyd
55%
TS, F, SN, R, 1, R, L, F, E, M, TTPD Taylor Swift
55%
1, 2, 3, 4, HOTH, PG, P, ITTOD, C Led Zeppelin
45%
DIL, BD, IASF, 4, B, L, R, CC Beyonce
40%
SFG, TML, TC, NWTS, IYRTITL, V, S, CLB, HL, HN, FATD Drake
40%
KEA, RTL, MOP, AJFA, TBA, L, RL, SA, DM, L, HTSD, 72S Metallica
40%
WPSIATWIN, FWN, H, SIAS, AM, TBHAC, TC Arctic Monkeys
30%
CCR, BC, GR, WATPB, CF, P, MG Creedence Clearwater Revival
30%
GTBT, B, MAM, FM, OTW, T, B, D, H, I Michael Jackson
30%
HOB, T, EOS, KL, BBTM, S, AH, DFM The Weeknd
30%
M, LAV, TB, LAP, E, BS, ROL, M, AL, COADF, HC, M, RH, MX Madonna
25%
PH, TB, OKC, KA, A, HTTT, IR, TKOL, AMSP Radiohead
25%
B, G, W, CB, FB, I, CMIYGL Tyler The Creator
25%
2PN, S4MN, MATW, AEOM, T7DT 2Pac
20%
LDR, BTD, U, H, LFL, NFR, COTCC, BB, DYKTIATUOB Lana Del Rey
20%
I, IWW, IA, N, S, TLT, GS, SD, HHID, U, DR, LIG, N, KD1, KD2, M1, KD3, M2, M3 Nas
20%
DM, WTSMG, BHN, SOTSOG, HC, DBTT, DOYS Oasis
20%
MOTS, AGLM, GGGB, RR, L, TTT, U, A Rihanna
20%
TS, HOH, MIM, TQID, SHWC The Smiths
20%
OP, DBR, R, BITTSM, A, U Travis Scott
20%
YT, ME, DW, S, TUN, ES Ariana Grande
15%
AWKIF, R, BNE, P, AL, TIW Paramore
10%
TH77, MSABAF, FOM, RIL, SIT, LC, TS, N Talking Heads
10%
PITATPOR, TLET, MM, BRAL, TLM, WGIFHTYFYS A Tribe Called Quest
5%
LTI, PB, CYH, IC, HN, TT5B, TMU, HSCP2 Beastie Boys
5%
TR, S, N1A, P2, C, HIFN, C, B Charli XCX
5%
SBG, L, SH, H, ITP, S, TSOP Death
5%
A, ATF, WP, D, SNW, DE, KNY, G, O Deftones
5%
TTTYG, FUTCT, IOH, FAD, SRAR, ABAP, M, SMFS Fall Out Boy
5%
TC, GEER, LC, S, CR, CTC The Clash
5%
ITI, ROF, FIOE, A, CM, TNA The Strokes
5%
HT, M, MTM, ATS, LT, THP, OML Linkin Park
0%
No matching quizzes found
Score Distribution
Percent of People with Each Score
Percentile by Number Answered
Your Score History
You have not taken this quiz